| 000 | 01691nam a22002297a 4500 | ||
|---|---|---|---|
| 005 | 20250909100628.0 | ||
| 008 | 250305e20250503xxk|||||o|||| 00| 0 eng d | ||
| 041 | _aeng | ||
| 110 | _aRoyal Institution of Chartered Surveyors | ||
| 245 |
_aRICS Draft Professional Standard: Responsible Use of Artificial Intelligence, 1st Edition - Global _b- a consultation |
||
| 260 |
_aLondon, _bRoyal Institution of Chartered Surveyors, _c4 March 2025 |
||
| 520 | _aThe awareness and use of AI across the land and property life cycle has steadily grown in recent years, bringing both advantages and risks to professionals and their clients. This draft professional conduct standard seeks to assist RICS members and regulated firms in adapting to the use of this new technology while maintaining professional judgment, engendering confidence in the management of data and ensuring good communication with clients. It is therefore hoped that the standard will help in building trust among stakeholders, ensuring that AI improves safety, resilience and innovation within the natural and built environment. Consultation opened 5 March 2025 and closes 25 April 2025 | ||
| 520 | _a1st edition based on the consultation feedback published in September 2025, effective 9 March 2026 | ||
| 650 | _aARTIFICIAL INTELLIGENCE | ||
| 650 | _aPROFESSIONAL CONDUCT | ||
| 651 | _aInternational | ||
| 690 |
_aTechnology _96348 |
||
| 710 | _aRoyal Institution of Chartered Surveyors | ||
| 856 |
_uhttps://consultations.rics.org/connect.ti/AIstandard _zConsultation homepage on RICS iconsult |
||
| 856 |
_uhttps://consultations.rics.org/AIstandard/view?objectID=239740261 _zDraft copy of the standard |
||
| 942 | _n0 | ||
| 999 |
_c122113 _d122113 |
||